| 000 | 00361nam a2200145Ia 4500 | ||
|---|---|---|---|
| 008 | 240112s2010 xx 000 0 und d | ||
| 022 | _a9731075 | ||
| 041 | _aeng | ||
| 082 | _a616.305 | ||
| 100 | _aBHATACHARYA S. | ||
| 245 | _aINDIAN JOURNAL PALLATIVE CARE VOL.15 (2009 (1) | ||
| 260 |
_bMEDKNOW PUB. _c2010 |
||
| 300 |
_a186;HB _c1 1-3 |
||
| 440 | _v15,16 | ||
| 999 |
_c1143221 _d1143221 |
||